Science Quiz

Random Science or Biology Quiz

Bird Orders Quiz Stats

 Plays Quiz not verified by Sporcle

Score 0/32 Timer 06:00
0 Plays Today
% Correct
Anseriformes (Waterfowl)
94%
Strigiformes (Owls)
92.2%
Phoenicopteriformes (Flamingos)
91%
Columbiformes (Doves & Pigeons)
90.2%
Accipitriformes (Eagles & Hawks)
89.4%
Struthioniformes (Ostriches)
89%
Psittaciformes (Parrots)
88.1%
Sphenisciformes (Penguins)
86.7%
Pelecaniformes (Pelicans)
86.3%
Trochiliformes (Hummingbirds)
84.5%
Piciformes (Woodpeckers)
84.1%
Charadriiformes (Gulls)
82.1%
Cathartiformes (Vultures & Condors)
81.4%
Cassuariiformes (Emus & Cassowaries)
77.9%
Apterygiformes (Kiwis)
77.6%
Falconiformes (Falcons)
75.8%
% Correct
Ciconiiformes (Storks)
69.9%
Coraciiformes (Kingfishers & Rollers)
68%
Gaviiformes (Loons & Divers)
53.3%
Gruiformes (Cranes)
52.9%
Passeriformes (Passerines)
52%
Apodiformes (Swifts)
48.7%
Galliformes (Gamebirds)
47.7%
Suliformes (Cormorants)
44.8%
Procellariiformes (Albatrosses & Petrels)
34%
Cuculiformes (Cuckoos)
32%
Podicipediformes (Grebes)
31.3%
Bucerotiformes (Hornbills & Hoopoes)
29.8%
Trogoniformes (Trogons & Quetzals)
27.2%
Caprimulgiformes (Nightjars)
27.1%
Otidiformes (Bustards)
24.4%
Phaethontiformes (Tropicbirds)
13.7%

You're not logged in!

Compare scores with friends on all Sporcle quizzes.
OR
Log In

Show Comments

Extras

Top Quizzes Today


Score Distribution

Your Account Isn't Verified!

In order to create a playlist on Sporcle, you need to verify the email address you used during registration. Go to your Sporcle Settings to finish the process.

Report this User

Report this user for behavior that violates our Community Guidelines.

Details: